00916nas a2200253Ia 4500001001100000003000900011008004100020040001300061040001300074041001300087100005500100210002000155222002000175245009300195250001100288260002900299501008600328300002000414362003400434500008600468650005900554700002000613700002900633R822/B9195IT-RoPAU151124c99999999xx |||||||||||| ||und|| aIT-RoPAU cIT-RoPAU aITALIANO aStanislavskij KonstantingCodice Aut. SPICS: 1044 aTEATRO E STORIA aTeatro E Storia aTEATRO E STORIA, ANNO 8-N.15 (OTTOBRE 1993)bPartitura Registica Per L'Opera "Rigoletto" a1a ed. aBOLOGNAbIL MULINOc1993 bPaulus - SPICS - Società San Paolo EM (non-commercial uses only)cCopyright2015 a29 p. [179-207] aANNO 008, N.15 (OTTOBRE 1993) aPiano di Regia per L'Opera Rigoletto. Nota di Analisi di A. Bergamo e G. Guccini. aTEATRO - DANZA - DRAMMATURGIAvPUBBLICAZIONE PERIODICA aGuccini Gerardo gCodice Aut. SPICS: 24226